Statistics for Americas Countries with Large Cities

Click here to take the quiz!

General Stats

  • This quiz has been taken 920 times
  • The average score is 11 of 12

Answer Stats

# City Country % Correct
20New York City, Los Angeles, Chicago, Washington, D.C., San Francisco, Boston, Philadelphia, Dallas, Houston, Miami, Detroit, Atlanta, Phoenix, Seattle, Tampa, Denver, San Diego, Cleveland, Orlando, MinneapolisUnited States
100%
2Toronto, MontréalCanada
100%
10São Paulo, Rio de Janeiro, Belo Horizonte, Porto Alegre, Brasília, Recife, Salvador, Fortaleza, Curitiba, CampinasBrazil
99%
4Mexico City, Guadalajara, Monterrey, PueblaMexico
99%
1Buenos AiresArgentina
98%
3Bogotá, Medellín, CaliColombia
97%
1SantiagoChile
96%
1LimaPeru
96%
1CaracasVenezuela
95%
1GuayaquilEcuador
90%
1Guatemala CityGuatemala
86%
1Santo DomingoDominican Republic
80%

Score Distribution

Percentile by Number Answered

Percent of People with Each Score

Your Score History

You have not taken this quiz